| 000 | 01172cab a2200265 4500 | ||
|---|---|---|---|
| 001 | ABS67841 | ||
| 008 | 040524n2004 000 0 eng u | ||
| 035 | _a(Sirsi) u126261 | ||
| 100 | _aMenary, S. | ||
| 245 | _aPositive plans | ||
| 260 | _c2004 | ||
| 490 |
_aHouse Builder _v63(4) May 2004, 47-51(3) |
||
| 520 | _aFeatures the latest EMAP Glenigan survey of house builder's planning intentions. The research for the 12 months to March 2004 shows leading companies are applying to build more homes than a year ago in all regions except London and southeast England, where problems of new home affordability are at their greatest. Data for Northern Ireland, where the number of applications to build is rising fast, are included for the first time. Tables cover the top 10 house builders by number of units planned for all English regions, Wales, Scotland and Northern Ireland. | ||
| 590 | _aABS | ||
| 650 | _aPLANNING APPLICATIONS | ||
| 650 | _aRANKINGS | ||
| 650 | _aHOUSE BUILDING | ||
| 650 | _aNEW HOMES | ||
| 650 | _aNORTHERN IRELAND | ||
| 650 | _aSCOTLAND | ||
| 650 | _aENGLAND | ||
| 650 | _aWALES | ||
| 690 | _aHOUSING-DEVELOPMENT | ||
| 942 | _n0 | ||
| 999 |
_c74406 _d74406 |
||